| 000 | 00520nam a2200205Ia 4500 | ||
|---|---|---|---|
| 003 | OSt | ||
| 005 | 20240926133622.0 | ||
| 008 | 240126s9999 xx 000 0 und d | ||
| 020 | _a9789389991192 | ||
| 040 | _c0 | ||
| 041 | _aEnglish | ||
| 082 | _a346.03 SIN;13 R | ||
| 100 | _aSingh, Avtar. Kaur, Harpreet. | ||
| 245 | 0 | _aIntroduction to the law of torts and consumer protection | |
| 250 | _a4rd ed. | ||
| 260 |
_bEastern Book Company _aLucknow |
||
| 300 | _alxx, 366 | ||
| 440 | _aNULL | ||
| 942 |
_cLL _2ddc |
||
| 999 |
_c295368 _d295368 |
||